| Tag |
First Indicator |
Second Indicator |
Subfields |
| LEADER |
00000cam a2200000 i 4500 |
| 001 |
in00000568621 |
| 005 |
20151014064640.0 |
| 008 |
791015r19781898ii b 00110 eng |
| 010 |
|
|
|a 78908301
|
| 020 |
|
|
|c Rs65.00
|
| 035 |
|
|
|a (OCoLC)05673440
|
| 035 |
|
|
|9 ACN6253AM
|
| 040 |
|
|
|a DLC
|c DLC
|d OCL
|d TXA
|d UtOrBLW
|
| 043 |
|
|
|a a-ii---
|
| 049 |
|
|
|a TXAM
|c [A08443550]
|
| 050 |
0 |
0 |
|a DS432.R3
|b B5 1978
|
| 082 |
0 |
|
|a 954/.4
|
| 100 |
1 |
|
|a Bingley, A. H.,
|d 1865-1944.
|
| 245 |
1 |
0 |
|a Caste, tribes & culture of Rajputs /
|c [A. H. Bingley] ; edited by K. P. Bahadur.
|
| 264 |
|
1 |
|a Delhi :
|b Ess Ess Publications,
|c 1978.
|
| 300 |
|
|
|a xii, 190 pages ;
|c 23 cm.
|
| 336 |
|
|
|a text
|b txt
|2 rdacontent
|
| 337 |
|
|
|a unmediated
|b n
|2 rdamedia
|
| 338 |
|
|
|a volume
|b nc
|2 rdacarrier
|
| 500 |
|
|
|a Title on spine: History, caste, and culture of Rajputs.
|
| 500 |
|
|
|a First published in 1898 under title: Rajputs.
|
| 504 |
|
|
|a Includes bibliographical references and index.
|
| 650 |
|
0 |
|a Rajput (Indic people)
|x History.
|
| 650 |
|
0 |
|a Rajput (Indic people)
|x Social life and customs.
|
| 700 |
1 |
|
|a Bahadur, Krishna Prakash,
|d 1924-
|
| 740 |
0 |
|
|a History, caste, and culture of Rajputs.
|
| 999 |
|
|
|a MARS
|
| 999 |
f |
f |
|s 216a8162-55c8-3a59-95fd-80b2ffbfcffa
|i a698e44f-a7f7-3d89-95ed-23132f7cb7c6
|t 0
|
| 952 |
f |
f |
|p ric
|a Texas A&M University
|b Rellis Campus
|c Joint Library Facility
|d Remote Storage
|t 0
|e DS432.R3 B5 1978
|h Library of Congress classification
|i unmediated -- volume
|m A14808443550
|
| 998 |
f |
f |
|a DS432.R3 B5 1978
|t 0
|l Remote Storage
|